000
00323nam a2200121Ia 4500
008
191201s2019 xx 000 0 und d
100
_a
Dharuman,J
245
0
_a
Pharmaceutical Organic Chemistry
260
_b
AITBS Pub.
_a
New Delhi
_c
2019
300
_a
265
650
_a
Pharmaceutical Organic Chemistry
942
_2
ddc
_c
BK
_0
10
999
_c
8387
_d
8387